=LDR 00000nam 2200000 4500 =001 INLIS000000000037501 =005 20130612143230 =008 ***********************************Ind** =035 ##$$0010-061300000037501 =041 ##$$a Ind =082 ##$$a 746.5 =090 ##$$a 746.5, Rac d =100 ##$$a Rachiminingsih, Endang =245 ##$$a 21 kreasi, Tas dan dompet pesta dengan sulaman bunga, Endang Rachiminingsih; Editor, Intarina Hardiman =260 ##$$a 2011 $b Jakarta =300 ##$$a 79 hlm, Ilus, 28 cm =650 ##$$a Kerajinan Tangan - Tas =700 ##$$a Hardiman, Intarina =850 ##$$a NBPNMAT